| 000 | 00444nam a2200157 a 4500 | ||
|---|---|---|---|
| 001 | 000036272 | ||
| 005 | 20200930075635.0 | ||
| 008 | 120112s1975 xxc 000 0 spa d | ||
| 040 |
_aDO-SdBNP _bspa _cBNPHU |
||
| 082 |
_axxx _bF396e |
||
| 100 | 1 |
_aFerron, Jacques _96195 |
|
| 245 | 1 | 0 |
_aEscarmouches : _bLa longue passe. |
| 260 |
_aOttawa, Canadá : _bLeméac, _c1975. |
||
| 300 |
_av. ; _c20 cm. |
||
| 500 | _aLa biblioteca solo posee el volumen 2 | ||
| 999 |
_c35763 _d35763 |
||